header

Englishes around the world. (Record no. 120814)

MARC details
000 -LEADER
fixed length control field 02427nam a2200457 i 4500
001 - CONTROL NUMBER
control field ebr10518032
003 - CONTROL NUMBER IDENTIFIER
control field CaPaEBR
006 - FIXED-LENGTH DATA ELEMENTS--ADDITIONAL MATERIAL CHARACTERISTICS--GENERAL INFORMATION
fixed length control field m o d
007 - PHYSICAL DESCRIPTION FIXED FIELD--GENERAL INFORMATION
fixed length control field cr cn|||||||||
008 - FIXED-LENGTH DATA ELEMENTS--GENERAL INFORMATION
fixed length control field 140111s1997 ne ao ob 001 0 eng d
020 ## - INTERNATIONAL STANDARD BOOK NUMBER
Cancelled/invalid ISBN 9789027248763
International Standard Book Number 9789027275776 (e-book)
040 ## - CATALOGING SOURCE
Original cataloging agency CaPaEBR
Language of cataloging eng
Description conventions rda
-- pn
Transcribing agency CaPaEBR
035 ## - SYSTEM CONTROL NUMBER
System control number (OCoLC)774289098
043 ## - GEOGRAPHIC AREA CODE
Geographic area code b------
050 14 - LIBRARY OF CONGRESS CALL NUMBER
Classification number PE2751
Item number .E545 1997eb
082 04 - DEWEY DECIMAL CLASSIFICATION NUMBER
Classification number 427.009
Edition number 23
245 00 - TITLE STATEMENT
Title Englishes around the world.
Number of part/section of a work Volume 1,
Name of part/section of a work General studies, British Isles, North America :
Remainder of title studies in honour of Manfred G�orlach /
Statement of responsibility, etc edited by Edgar W. Schneider.
264 #1 - PRODUCTION, PUBLICATION, DISTRIBUTION, MANUFACTURE, AND COPYRIGHT NOTICE
Place of production, publication, distribution, manufacture Amsterdam, Netherlands ;
-- Philadelphia, Pennsylvania :
Name of producer, publisher, distributor, manufacturer John Benjamins Publishing Company,
Date of production, publication, distribution, manufacture, or copyright notice 1997.
Date of production, publication, distribution, manufacture, or copyright notice �1997
300 ## - PHYSICAL DESCRIPTION
Extent 1 online resource (335 pages) :
Other physical details illustrations, photograph.
336 ## - CONTENT TYPE
Content type term text
Source rdacontent
337 ## - MEDIA TYPE
Media type term computer
Source rdamedia
338 ## - CARRIER TYPE
Carrier type term online resource
Source rdacarrier
490 1# - SERIES STATEMENT
Series statement Varieties of English Around the World. General Series ;
Volume number/sequential designation Volume 18
504 ## - BIBLIOGRAPHY, ETC. NOTE
Bibliography, etc Includes bibliographical references at the end of each chapters and index.
588 ## - SOURCE OF DESCRIPTION NOTE
Source of description note Description based on online resource; title from PDF title page (ebrary, viewed January 11, 2014).
590 ## - LOCAL NOTE (RLIN)
Local note Electronic reproduction. Palo Alto, Calif. : ebrary, 2014. Available via World Wide Web. Access may be limited to ebrary affiliated libraries.
650 #0 - SUBJECT ADDED ENTRY--TOPICAL TERM
Topical term or geographic name as entry element English language
General subdivision Variation
Geographic subdivision English-speaking countries.
Topical term or geographic name as entry element English language
General subdivision Variation
Geographic subdivision Commonwealth countries.
Topical term or geographic name as entry element English language
General subdivision Variation
Geographic subdivision Foreign countries.
Topical term or geographic name as entry element English language
Geographic subdivision English-speaking countries.
Topical term or geographic name as entry element English language
Geographic subdivision Commonwealth countries.
Topical term or geographic name as entry element English language
Geographic subdivision Foreign countries.
655 #0 - INDEX TERM--GENRE/FORM
Genre/form data or focus term Electronic books.
700 1# - ADDED ENTRY--PERSONAL NAME
Personal name Schneider, Edgar W.
Fuller form of name (Edgar Werner),
Dates associated with a name 1954-
776 08 - ADDITIONAL PHYSICAL FORM ENTRY
Display text Print version:
Title Englishes around the world. Volume 1, General studies, British Isles, North America.
Place, publisher, and date of publication Amsterdam, Netherlands ; Philadelphia, Pennsylvania : John Benjamins Publishing Company, c1997
Physical description 329 pages
Series data for related item Varieties of English around the world. General series ; Volume 18.
International Standard Book Number 9789027248763
797 2# - LOCAL ADDED ENTRY--CORPORATE NAME (RLIN)
Corporate name or jurisdiction name as entry element ebrary.
830 #0 - SERIES ADDED ENTRY--UNIFORM TITLE
Uniform title Varieties of English around the world.
Name of part/section of a work General series ;
Volume number/sequential designation v. 18.
856 40 - ELECTRONIC LOCATION AND ACCESS
Uniform Resource Identifier <a href="http://site.ebrary.com/lib/rucke/Doc?id=10518032">http://site.ebrary.com/lib/rucke/Doc?id=10518032</a>
Public note An electronic book accessible through the World Wide Web; click to view

No items available.

© 2026 Rongo University
Contact us: librarian | system librarian | Rongo university